LIBRARY & INFORMATION CENTRE, KCAET, TAVANUR

ONLINE PUBLIC ACCESS CATALOGUE (OPAC)

Manjaveyil Maranangal (Record no. 15659)

MARC details
000 -LEADER
fixed length control field 00337nam a22001457a 4500
003 - CONTROL NUMBER IDENTIFIER
control field OSt
008 - FIXED-LENGTH DATA ELEMENTS--GENERAL INFORMATION
fixed length control field 190524b ||||| |||| 00| 0 eng d
020 ## - INTERNATIONAL STANDARD BOOK NUMBER
ISBN 9788126432196
082 ## - DEWEY DECIMAL CLASSIFICATION NUMBER
Classification number 894.812372
Item number BEN/MA
100 ## - MAIN ENTRY--AUTHOR NAME
Personal name Benyamin.
245 ## - TITLE STATEMENT
Title Manjaveyil Maranangal
260 ## - PUBLICATION, DISTRIBUTION, ETC. (IMPRINT)
Place of publication Kottayam
Name of publisher D C Books
300 ## - PHYSICAL DESCRIPTION
Number of Pages 351 p.
942 ## - ADDED ENTRY ELEMENTS (KOHA)
Koha item type Books
Holdings
Withdrawn status Lost status Damaged status Home library Current library Date acquired Cost, normal purchase price Full call number Accession Number Koha item type
      KAUAET KAUAET 24/05/2019 340.00 894.812372 BEN/MA 25936 Books
free website counter